| 000 | 01489cam a2200385 a 4500 | ||
|---|---|---|---|
| 999 |
_c12589 _d12589 |
||
| 001 | 2540281 | ||
| 003 | MAJU-Karachi | ||
| 005 | 20201003132034.0 | ||
| 008 | 940210s1995 enk b 001 0 eng | ||
| 010 | _a 94006091 | ||
| 020 | _a0521450160 | ||
| 020 | _a0521456479 (pbk.) | ||
| 040 |
_aDLC _cDLC _dDLC |
||
| 041 | 1 |
_aeng _hger |
|
| 050 | 0 | 0 |
_aHM136 _b.S7413 1995 |
| 051 |
_aHM136 _b.S7413 1995 Copy 3 _cAdditional gift: Estate of Paul Avrich, 2006. |
||
| 082 | 0 | 0 |
_a302.5/4 _220 |
| 100 | 1 |
_aStirner, Max, _d1806-1856. |
|
| 240 | 1 | 0 |
_aEinzige und sein Eigentum. _lEnglish |
| 245 | 1 | 4 |
_aThe ego and its own / _cMax Stirner ; edited by David Leopold. |
| 260 |
_aCambridge [England] ; _aNew York, NY, USA : _bCambridge University Press, _c1995. |
||
| 300 |
_axl, 386 p. ; _c22 cm. |
||
| 440 | 0 | _aCambridge texts in the history of political thought | |
| 504 | _aIncludes bibliographical references (p. 325-376) and indexes. | ||
| 650 | 0 | _aIndividualism. | |
| 650 | 0 | _aEgoism. | |
| 700 | 1 | _aLeopold, David. | |
| 710 | 2 |
_aPaul Avrich Collection (Library of Congress) _5DLC |
|
| 856 | 4 | 2 |
_3Publisher description _uhttp://www.loc.gov/catdir/description/cam026/94006091.html |
| 856 | 4 | 1 |
_3Table of contents _uhttp://www.loc.gov/catdir/toc/cam022/94006091.html |
| 906 |
_a7 _bcbc _corignew _d1 _eocip _f19 _gy-gencatlg |
||
| 942 |
_2ddc _cPSYCHOLOGY |
||